000 00319nam a2200133Ia 4500
008 220216s9999 xx 000 0 und d
100 _aMeyrick T J
245 0 _aPolyisocyanates in bonding
260 _bIRI Transactions
_c1949
300 _a150-166
650 _aPolyisocyanates
700 _aWatts J T
942 _cJS
999 _c65249
_d65249